Normal view
MARC view
Entry Uniform Title
001 - CONTROL NUMBER
- control field: 53414
003 - CONTROL NUMBER IDENTIFIER
- control field: dpl
005 - DATE AND TIME OF LATEST TRANSACTION
- control field: 20121030111414.0
008 - FIXED-LENGTH DATA ELEMENTS
- fixed length control field: 121030|||a|||||| | ||| d
040 ## - CATALOGING SOURCE
- Original cataloging agency: dpl
- Transcribing agency: dpl
130 ## - HEADING--UNIFORM TITLE
- Uniform title: From nature to your home; edited by Pallavi Sah
670 ## - SOURCE DATA FOUND
- Source citation: Work cat.: (dpl)59281: Agarwal, Tanya Luther 53413, A amazing journey of a woollen mittens /, 2008
670 ## - SOURCE DATA FOUND
- Source citation: Work cat.: (dpl)59281: Agarwal, Tanya Luther 53413, A amazing journey of a woollen mittens /, 2008
